00519nam a2200145Ia 4500008004100000041000800041082001200049100001900061245003900080260004000119300001900159520004400178999001700222952013400239240719s9999 xx 000 0 und d aeng a920 SIN aSinha, Arunava aThe Great Indian Stories Ever Told aNew DehlibAleph Book Companyc2023 a528;. P. 23 Cm aFaculty Purchase By Dr. Jitendra Sharma c41472d41472 00104070aIMTNbIMTNcRack 41-Bd2023-12-12eAmazong709.00l1o920 SINp33167r2025-06-02 00:00:00s2025-02-16w2023-11-22yBK